Programmirovanije dlja vsech

Salvato in:
Dettagli Bibliografici
Natura: Libro
Lingua:russo
Pubblicazione: Moskva Nauka 1986
Edizione:2. pererab. izd.
Tags: Aggiungi Tag
Nessun Tag, puoi essere il primo ad aggiungerne!!

MARC

LEADER 00000nam a2200000 4500
001 c105765
005 20250826124945.8
041 0 |a rus 
044 |a RU 
245 1 0 |a Programmirovanije dlja vsech  |c Al'bert Ivanovič Saltykov, Galina L'vovna Semaško 
250 |a 2. pererab. izd. 
264 1 |a Moskva  |b Nauka  |c 1986 
300 |a 175 s.